00501nam a2200157Ia 4500003000400000008004100004040001600045082002300061100003500084245005200119300001000171490001800181650004700199650003200246650006500278GCL140319s9999 xx 000 0 ara d aGCL / cGCL04aقb962.062bص ج1 aصلاح سالم زرتوقة10aالجلاء / cصلاح سالم زرتوقة a64 ص a100 قصةv004aاستقلال البلاد العربية04aمصر - المفاوضات04aمصر - تاريخ - العصر الحديث (1805 - 1956 )